000 00784nam a2200205Ia 4500
003 OSt
005 20240318122402.0
008 210210b2012 xxu||||| |||| 00| 0 eng d
020 _a9789381055373
040 _cAL
041 _aKannada
082 _aK894.8 SHAS
100 _aSHANKARA MOKASHI PUNEKARA ಶಂಕರ ಮೊಕಾಶಿ ಪುಣೇಕರ
_9155141
245 _aShankara mokashi punekarara samasta sahitya-3: Susandhi, Kavithe, kathe, nataka
_bಶಂಕರ ಮೊಕಾಶಿ ಪುಣೇಕರರ ಸಮಸ್ತ ಸಾಹಿತ್ಯ ೩ : ಸುಸಂಧಿ, ಕವಿತೆ ,ಕಥೆ, ನಾಟಕ
260 _aBengaluru
_bAbhinava Prakashana
_c2012
300 _axiii,292
690 _aKannada Collections
_9155151
906 _a067323
942 _2ddc
_cBK
999 _c149696
_d149696